| 000 | 00465nam a22001697a 4500 | ||
|---|---|---|---|
| 003 | BD-ChCU | ||
| 005 | 20260415102851.0 | ||
| 008 | 260415b bg ||||| |||| 00| 0 ben d | ||
| 040 | _cBD-ChCU | ||
| 082 | _a596 THV | ||
| 100 |
_aThornton , C. S. _921500 |
||
| 245 |
_aVertebrate regeneration ./ _cC .S. Thornton . |
||
| 260 |
_aNew York : _bDowden , Hutchinson & Ross , _cC 1973 |
||
| 300 | _axiii , 512p. | ||
| 650 | 0 |
_aVertebrate . _921501 |
|
| 942 |
_2ddc _cBK _n0 |
||
| 999 |
_c112211 _d112211 |
||